Cezavy u Blučiny ve světle archeologických výzkumů a nálezů
| Titel: | Cezavy u Blučiny ve světle archeologických výzkumů a nálezů / Karel Tihelka |
|---|---|
| Verfasser: | |
| Ausgabe: | 1. vydání |
| Veröffentlicht: | Brno : Krajské Nakladatelství, 1957 |
| Umfang: | 51 Seiten, [17] Blatt : zahlreiche Illustrationen, Karten |
| Format: | Buch |
| Sprache: | Tschechisch |
| Schriftenreihe/ mehrbändiges Werk: |
Vlastivědna knihovna moravská ; 1 |
| RVK-Notation: | |
| Hinweise zum Inhalt: |
Inhaltsverzeichnis
Cover |
X
alg: 49718282 001A $03004:19-07-22 001B $01999:02-12-24 $t22:32:27.000 001D $03004:19-07-22 001U $0utf8 001X $00 002@ $0Aau 002C $aText $btxt $2rdacontent 002D $aohne Hilfsmittel zu benutzen $bn $2rdamedia 002E $aBand $bnc $2rdacarrier 003@ $0497182823 006C $0462227248 $aOCoLC 007A $0BV019191167 $aBVB 007G $0DE020076FE18364A362B6C125888600424B61 009P $qapplication/pdf $A2 $3Inhaltsverzeichnis $uhttp://scans.hebis.de/HEBCGI/show.pl?49718282_toc.pdf $mV:DE-603;B:DE-Mb50 009P $qapplication/pdf $A2 $3Cover $uhttp://scans.hebis.de/HEBCGI/show.pl?49718282_cov.pdf $mV:DE-603;B:DE-Mb50 010@ $acze 011@ $a1957 $n1957 021A $aCezavy u Blučiny ve světle archeologických výzkumů a nálezů $hKarel Tihelka 028A $BVerfasser $4aut $7128171561 $8Tihelka, Karel$Z1898-1973 [Tp1] $9158694090 032@ $a1. vydání 033A $pBrno $nKrajské Nakladatelství 034D $a51 Seiten, [17] Blatt 034M $azahlreiche Illustrationen, Karten 036E $aVlastivědna knihovna moravská $l1 037A $aDie Anhöhe Cezavy bei Blučina im Lichte archäolog. Forschungen 037A $aPopulárně vědeckou formou zveřejňované výsledky dosavadního archeologického výzkumu na návrší Cezavách u Židlochovic na Moravě. Nálezy ze starší doby kamenné, neolitu, doby bronzové, kultury velatické a pod. vydávají významná svědectví o důležitosti svrateckého údolí v pravěku Moravy. 044K $RProtektorat Böhmen und Mähren $RSlowakei $RSlowakei $RTschechien $#Tschechoslowakei $#Tschechoslowakei $#Tschechische und Slowakische Föderative Republik $#République Tchéco-Slovaque $#Tchécoslovaquie $#Československá Federativní Republika $#Česká a Slovenská Federativní Republika $#Czech and Slovak Federal Republic $#ČSFR $#ČSSR $#ČSR $#RČS $#Československo $#Československá Socialistická Republika $#Československá Republika $#Tschechoslowakische Sozialistische Republik $#Tschechoslowakische Republik $#Tschechoslowakische Föderative Republik $#Republika Československá $#Czechoslovakia $#Čechoslovakische Republik $#République Tchécho-Slovaque $#Tchéchoslovaquie $#Czechoslovak Socialist Republic $#Checoeslovaquia $#Cecoslovacchia $#Čechoslovakija $#République tchécoslovaque $74078435-6 $8Tschechoslowakei [Tg1] $9085222305 044K $8Okres Brno-venkov [Tg3] $9448682818 044K $RVor- und Frühgeschichte $RBodendenkmalpflege $#Archaeology $#Archéologie $#Archeologia $#Arqueología $#archaeology $#Archäologie $#Archäologie $#Altertumskunde Archäologie $74002827-6 $8Archäologie [Tsz] $9084999233 044K $RAusgrabung $RBodendenkmal $#Bodenfund $#Bodenfunde $#Archäologische Funde $74071507-3 $8Funde [Tsz] $9085201480 045F $a930.1094372 $eDDC23BSB 045F/01 $a930.1 045F/03 $g4372 045T $a7,41 045T $a6,11 045Z $8NF 1640 [Tkv] $9410860565 lok: 49718282 24 exp: 49718282 24 1 #EPN 201B/01 $019-07-22 $t11:06:51.000 201C/01 $019-07-22 201U/01 $0utf8 203@/01 $01208680781 208@/01 $a19-07-22 $bz 209A/01 $a22.03596 $du $f050 $h22 03596 $x00 209C/01 $a22.03596 T $h22 03596 T 209G/01 $a74562418 $x00 220C/01 $akon 247C/01 $8358050-7Marburg, Bibliothek des Herder-Instituts Marburg $9102600961
| LEADER | 00000cam a2200000 c 4500 | ||
|---|---|---|---|
| 001 | 497182823 | ||
| 003 | DE-603 | ||
| 005 | 20241202223227.0 | ||
| 007 | tu | ||
| 008 | 220719s1957 xx |||| | u00||u|cze c | ||
| 035 | |a (DE-599)BVBBV019191167 | ||
| 040 | |a DE-603 |b ger |c DE-603 |d DE-603 | ||
| 041 | |a cze | ||
| 082 | 0 | 4 | |8 1\u |a 930.1094372 |q DE-101 |2 23/BSB |
| 084 | |a 7,41 |2 ssgn | ||
| 084 | |a 6,11 |2 ssgn | ||
| 084 | |a NF 1640 |0 (DE-625)125211:1306 |0 (DE-603)410860565 |2 rvk | ||
| 085 | |8 1\u |b 930.1 | ||
| 085 | |8 1\u |z 2 |s 4372 | ||
| 100 | 1 | |a Tihelka, Karel |d 1898-1973 |e Verfasser |4 aut |0 (DE-603)158694090 |0 (DE-588)128171561 |2 gnd | |
| 245 | 0 | 0 | |a Cezavy u Blučiny ve světle archeologických výzkumů a nálezů |c Karel Tihelka |
| 250 | |a 1. vydání | ||
| 264 | 1 | |a Brno |b Krajské Nakladatelství |c 1957 | |
| 300 | |a 51 Seiten, [17] Blatt |b zahlreiche Illustrationen, Karten | ||
| 336 | |a Text |b txt |2 rdacontent | ||
| 337 | |a ohne Hilfsmittel zu benutzen |b n |2 rdamedia | ||
| 338 | |a Band |b nc |2 rdacarrier | ||
| 490 | 0 | |a Vlastivědna knihovna moravská |v 1 | |
| 500 | |a Die Anhöhe Cezavy bei Blučina im Lichte archäolog. Forschungen | ||
| 500 | |a Populárně vědeckou formou zveřejňované výsledky dosavadního archeologického výzkumu na návrší Cezavách u Židlochovic na Moravě. Nálezy ze starší doby kamenné, neolitu, doby bronzové, kultury velatické a pod. vydávají významná svědectví o důležitosti svrateckého údolí v pravěku Moravy. | ||
| 650 | 7 | |a Archäologie |0 (DE-588)4002827-6 |0 (DE-603)084999233 |2 gnd | |
| 650 | 7 | |a Funde |0 (DE-588)4071507-3 |0 (DE-603)085201480 |2 gnd | |
| 651 | 7 | |a Tschechoslowakei |0 (DE-588)4078435-6 |0 (DE-603)085222305 |2 gnd | |
| 651 | 7 | |a Okres Brno-venkov |0 (DE-588)118609690X |0 (DE-603)448682818 |2 gnd | |
| 856 | 4 | 2 | |m V:DE-603;B:DE-Mb50 |q application/pdf |u http://scans.hebis.de/HEBCGI/show.pl?49718282_toc.pdf |3 Inhaltsverzeichnis |
| 856 | 4 | 2 | |m V:DE-603;B:DE-Mb50 |q application/pdf |u http://scans.hebis.de/HEBCGI/show.pl?49718282_cov.pdf |3 Cover |
| 924 | 0 | |9 Mb 50 |a (DE-603)1208680781 |b DE-Mb50 |c HES |d c |g 22.03596 | |


